000 00459nam a2200181Ia 4500
003 LK-CoDNM
008 010623t2001 xxu||||| |||| 00| 1 sin d
040 _aLK-CoDNM
_dLK-CoDNM
_eLK-CoDNM
041 _asin
080 _a(x) 929
_bEPI
100 _aEpitawala, Premakumara
245 _aදිවිපවත
246 _aDivipawatha
260 _bStamford Lake publication
_aColombo
_c2001
300 _b183, 23 cm
650 _aBiography
942 _cBK
999 _c121218
_d121218